000 00364nam a2200157Ia 4500
100 _aRavi/B
650 _aCAD
942 _cBK
366 _f20
654 _ametal casting
245 _aMetal Casting:Computer aided design and analysis
260 _bPrentice -Hall of India
_aNew Delhi
_c2005
082 _a671.2/RAV
_bRAV
300 _a158
546 _aENGLISH
999 _c20430
_d20430